| 000 | 00358nam a2200145Ia 4500 | ||
|---|---|---|---|
| 008 | 230711s9999||||xx |||||||||||||| ||und|| | ||
| 041 | _aENG | ||
| 082 |
_a4 _bAH-D |
||
| 100 | _aAho,Alfred V | ||
| 245 | 0 | _aData structure and algorithms | |
| 250 | _a1st | ||
| 260 |
_c1994 _aNew Delhi _bOxford University Press |
||
| 650 | _aComputer Engineering | ||
| 942 | _cBK | ||
| 999 |
_c3100 _d3100 |
||